| 000 | 00607nam a2200181Ia 4500 | ||
|---|---|---|---|
| 005 | 20260429112249.0 | ||
| 008 | 260429s9999||||xx |||||||||||||| ||und|| | ||
| 020 | _a9788183902663 | ||
| 041 | _aHindi | ||
| 082 |
_a294.592 _bSHA |
||
| 100 | _aशर्मा, जगदीश चंद्र | ||
| 245 | 0 |
_aविष्णुस्मृति : _bएक अध्ययन / _cजगदीश चंद्र शर्मा |
|
| 250 | _a1st ed. | ||
| 260 |
_aदिल्ली : _bअभिषेक प्रकाशन, _c2018. |
||
| 300 | _ax, 296 p.; Hb | ||
| 650 | _aHindunism | ||
| 942 | _cTB | ||
| 999 |
_c53194 _d53194 |
||